Las caras lindas de mi gente negra : (Registro nro. 249)
[ vista simple ]
| 000 -CABECERA | |
|---|---|
| Campo de control | 00896nam a2200205 a 4500 |
| 005 - FECHA Y HORA DE LA ULTIMA TRANSACCION | |
| Campo de control | 20160420160746.0 |
| 008 - ELEMENTOS DE LONGITUD FIJA—INFORMACION GENERAL | |
| Campo de control | 950413s1994 ck a 000 0 spa |
| 020 ## - ISBN | |
| ISBN Cancelado/ Invalidado | 6121828 |
| 040 ## - FUENTE DE CATALOGACIÓN | |
| Agencia catalogadora original | DLC |
| Agencia transcriptora | DLC |
| Agencia Modificadora | CO-BoIAVH |
| 041 0# - IDIOMA | |
| Código de idioma para texto/pista de sonido o título separado | Español |
| 044 ## - PAÍS DE PUBLICACIÓN | |
| País de publicación | Colombia |
| 082 00 - NUMERO DE CLASIFICACION DECIMAL DEWEY | |
| Número de clasificación | 346.86108 |
| Número del ítem | C26l |
| 245 04 - MENCION DE TITULO | |
| Título | Las caras lindas de mi gente negra : |
| Parte restante del título | legislación histórica para las comunidades negras de Colombia / |
| Mención de responsabilidad | compilador, Miguel A. Vásquez L. |
| 260 ## - PUBLICACION, DISTRIBUCION, ETC. (PIE DE IMPRENTA) | |
| Lugar de publicación, distribución, etc. | Santafé de Bogotá : |
| Nombre del editor, distribuidor, etc. | Instituto Colombiano de Antropología : |
| -- | Instituto Colombiano de Cultura : |
| -- | Plan Nacional de Rehabilitación Programa Presidencial, |
| Fecha de publicación, distribución, etc. | 1994. |
| 300 ## - DESCRIPCION FISICA | |
| Extensión | 64 páginas : |
| Otros detalles físicos | ilustraciones ; |
| Dimensiones | 28 x 21 centímetros |
| 650 14 - ASIENTO SECUNDARIO DE MATERIA - TERMINO TEMATICO | |
| Término temático o nombre geográfico como elemento de entrada | Afrodescendientes |
| Subdivisión general | Estatutos legales, leyes, etc. |
| Subdivisión geográfica | Colombia |
| Subdivisión general | Historia. |
| 9 (RLIN) | 66212 |
| 650 24 - ASIENTO SECUNDARIO DE MATERIA - TERMINO TEMATICO | |
| Término temático o nombre geográfico como elemento de entrada | Comunidades negras |
| Subdivisión cronológica | Colombia |
| 9 (RLIN) | 66213 |
| 700 1# - ASIENTO SECUNDARIO - NOMBRE PERSONAL | |
| Nombre personal | Vásquez L., Miguel A. |
| Término de relación | compilador |
| 9 (RLIN) | 7080 |
| 942 ## - ELEMENTOS ADICIONALES (KOHA) | |
| Sistema de clasificación | Dewey Decimal Classification |
| Tipo de ítem | Libro |
| Withdrawn status | Lost status | Sistema de Clasificación | Damaged status | No para préstamo | Colección | Inventariado | Ubicación Permanente | Ubicación actual | Fecha de adquisición | Fuente de Valor | Valor | Total Checkouts | Número topográfico | Inventario / Código de Barras | Date last seen | Ejemplar | Price effective from | Forma de adquisición | Tipo de material |
|---|---|---|---|---|---|---|---|---|---|---|---|---|---|---|---|---|---|---|---|
| Dewey Decimal Classification | General | Inventariado 2017 | Bogotá | Bogotá | 26/12/1997 | Instituto | 39000.00 | LB-346.86108 C26l | 000322 | 04/12/2012 | Ej. 1 | 04/12/2012 | Libro |